000 00580nam a22002297a 4500
003 UA-OsUOA
001 92088
007 ta
008 20121210b un ||||| |||| 00| 0 ukr d
100 _aЮхимович В.
090 _a821.161.2
_bЮ94
942 _cBK
040 _aUA-OsUOA
_bukr
_cUA-OsUOA
_dUA-OsUOA
245 _aЧас братерства
_bпоезії
300 _a115 с.
955 _a3
041 _aukr
080 _a821.161.2
260 _aК.
_c1975
650 7 _a82 Література. Літературознавство
_2UDC
999 _c378341
_d378341